Mamíferos salvajes en España - Estadísticas

Estadísticas generales
  • Esta prueba ha sido intentada 149 veces
    139 desde el último reinicio
  • La puntuación promedio es 53 de 96
Estadísticas de respuestas
Orden Especie % Correcto
Carnívoro lince ibérico
96%
Carnívoro lobo ibérico
87%
Carnívoro oso pardo
86%
Roedor rata almizclera
85%
Roedor rata de agua
85%
Roedor rata gris
85%
Roedor rata negra
85%
Roedor rata topera
85%
Roedor ratón común
84%
Roedor ratón de campo
84%
Roedor ratón espiguero
84%
Roedor ratón leonado
84%
Roedor ratón moruno
84%
Carnívoro zorro rojo
83%
Artilodáctilo ciervo
79%
Artilodáctilo jabalí
77%
Primate macaco de Gibraltar
76%
Lagomorfo conejo
71%
Artilodáctilo cabra montés
70%
Lagomorfo liebre de piornal
68%
Lagomorfo liebre europea
68%
Lagomorfo liebre ibérica
68%
Soricomorfo topo común
68%
Soricomorfo topo ibérico
68%
Erináceo erizo común
63%
Erináceo erizo moruno
63%
Quiróptero murciélago de borde claro
61%
Quiróptero murciélago de cabrera
61%
Quiróptero murciélago de Nathusius
61%
Quiróptero murciélago enano
61%
Quiróptero murciélago grande de herradura
61%
Quiróptero murciélago mediano de herradura
61%
Quiróptero murciélago mediterráneo de herradura
61%
Quiróptero murciélago pequeño de herradura
61%
Quiróptero murciélago rabudo
61%
Quiróptero murciélago ratonero bigotudo
61%
Quiróptero murciélago ratonero forestal
61%
Quiróptero murciélago ratonero gris
61%
Quiróptero murciélago ratonero pardo
61%
Quiróptero murciélago ratonero ribereño
61%
Quiróptero nóctulo grande
61%
Quiróptero nóctulo mediano
61%
Quiróptero nóctulo pequeño
61%
Quiróptero orejudo alpino
61%
Quiróptero orejudo gris
61%
Quiróptero murciélago de bosque
60%
Quiróptero murciélago de cueva
60%
Quiróptero murciélago hortelano
60%
Quiróptero murciélago hortelano mediterráneo
60%
Quiróptero murciélago montañero
60%
Quiróptero murciélago ratonero grande
60%
Quiróptero murciélago ratonero mediano
60%
Quiróptero murciélago ratonero patudo
60%
Quiróptero murciélago ratonero pequeño
60%
Carnívoro gato montés
57%
Carnívoro nutria
57%
Carnívoro turón
55%
Artilodáctilo corzo
53%
Soricomorfo musaraña bicolor
52%
Soricomorfo musaraña de campo
52%
Soricomorfo musaraña enana
52%
Soricomorfo musaraña gris
52%
Soricomorfo musaraña ibérica
52%
Soricomorfo musaraña tricolor
52%
Carnívoro tejón
51%
Roedor castor europeo
49%
Carnívoro gineta
49%
Roedor ardilla roja
48%
Carnívoro comadreja
45%
Artilodáctilo gamo
45%
Artilodáctilo muflón
43%
Carnívoro mapache boreal
41%
Artilodáctilo rebeco
41%
Roedor topillo campesino
37%
Roedor topillo común
37%
Roedor topillo de cabrera
37%
Roedor topillo lusitano
37%
Roedor topillo mediterraneo
37%
Roedor topillo nival
37%
Roedor topillo pirenáico
37%
Roedor topillo rojo
37%
Carnívoro marta
36%
Roedor marmota
35%
Carnívoro visón americano
35%
Carnívoro visón europeo
35%
Carnívoro armiño
31%
Carnívoro meloncillo
28%
Carnívoro garduña
26%
Roedor lirón careto
26%
Roedor lirón gris
26%
Soricomorfo desmán ibérico
23%
Artilodáctilo arrui
16%
Roedor coipú
10%
Soricomorfo musgaño de cabrera
10%
Soricomorfo musgaño enano
10%
Soricomorfo musgaño patiblanco
10%
No se encontraron pruebas coincidentes
Distribución de puntuación
Porcentaje de gente con cada puntuación
Porcentaje por número respondido
Historial de tus puntuaciones
No has intentado esta prueba desde el último reinicio